| 000 | 00000nam##2200000za#4500 |
| 001 | 9.578586 |
| 003 | CaOODSP |
| 005 | 20210624190146 |
| 007 | cr ||||||||||| |
| 008 | 150406|1988||||xxc|||||o f|0| 0 eng|d |
| 022 | |a1488-5379 |
| 040 | |aCaOODSP|beng |
| 043 | |an-cn--- |
| 086 | 1 |aFs97-6/1613E-PDF |
| 110 | 1 |aCanada. |bDepartment of Fisheries and Oceans. |
| 245 | 10|aSome effects of forest harvesting on water quality in the Slim Creek Watershed in the central interior of British Columbia / |h[electronic resource]|cby M.J. Brownlee, B.G. Shepherd, and D.R. Bustard. |
| 260 | |aVancouver - British Columbia : |bFisheries and Oceans Canada |c1988. |
| 300 | |a48p.|bfigs., references, tables |
| 490 | 1 |aCanadian technical report of fisheries and aquatic sciences|x1488-5379|vNo. 1613 |
| 500 | |aOn t.p.: Habitat Management Division, Vancouver, B.C. The catalogue number and ISSN for the print edition appear in the PDF version. |
| 546 | |a(Résumé en français) |
| 590 | |a14-03-Supp|b2014-01-17 |
| 720 | 1 |aShepherd, B. G. |
| 720 | 1 |aBrownlee, M. J. |
| 720 | 1 |aBustard, D. R. |
| 830 | #0|aCanadian technical report of fisheries and aquatic sciences,|x1488-5379|vNo. 1613|w(CaOODSP)9.504449 |
| 856 | 40|ahttp://publications.gc.ca|qPDF|s1184 KB|uhttps://publications.gc.ca/collections/collection_2014/mpo-dfo/Fs97-6-1613-eng.pdf|yNo. 1613 |